000 00293nam a22001337a 4500
003 SGT
082 _a370
_bG12R
100 _aROSS, JAMES S.
245 _aGROUND WORK OF EDUCATIONAL THEORY
260 _aNEW DELHI
_bSURJEET PUB
_c2012
300 _a264
650 _aEDUCATION
942 _2ddc
_cBK
999 _c12412
_d12412